| 000 | 00531nam a2200181Ia 4500 | ||
|---|---|---|---|
| 008 | 090123s9999 xx 000 0 und d | ||
| 082 | _b41035 | ||
| 100 | _aदेसाई नयनतारा | ||
| 245 | _aमहिष्मती | ||
| 250 | _a0 | ||
| 260 |
_bगीता एजन्सीज _c2007 |
||
| 300 | _a240 | ||
| 600 | _aदेसाई नयनतारा | ||
| 630 | _aमहिष्मती | ||
| 700 | _aदेसाई नयनतारा | ||
| 730 | _aमहिष्मती | ||
| 942 | _cBOOK | ||
| 999 |
_c79108 _d79108 |
||